Cartoon Network Shows - Statistics

General Stats
  • This quiz has been taken 335 times
  • The average score is 12 of 82
Answer Stats
Shows % Correct
Adventure Time
73%
Regular Show
71%
The Amazing World Of Gumball
68%
The Powerpuff Girls
58%
Steven Universe
55%
Johnny Bravo
48%
Courage The Cowardly Dog
45%
Clarence
43%
Uncle Grandpa
39%
Dexter's Laboratory
38%
Samurai Jack
37%
Chowder
36%
We Bare Bears
34%
Cow and Chicken
32%
Craig Of The Creek
29%
Foster's Home For Imaginary Friends
29%
The Grim Adventures Of Billy & Mandy
28%
Ed, Edd n Eddy
27%
Total Drama
25%
Codename: Kids Next Door
23%
Camp Lazlo
21%
I Am Weasel
19%
Apple & Onion
18%
Generator Rex
15%
The Marvelous Misadventures Of Flapjack
15%
My Gym Partner's A Monkey
14%
OK K.O.! Let's Be Heroes
12%
Sheep In The Big City
11%
Steven Universe Future
11%
The Moxy Show
11%
Evil Con Carne
10%
Infinity Train
10%
Ninjago
10%
Grim & Evil
9%
Mad
9%
Mighty Magiswords
9%
Mike, Lu & Og
9%
Summer Camp Island
9%
We Baby Bears
9%
What A Cartoon!
9%
Megas XLR
8%
Sym-Bionic Titan
8%
The Secret Saturdays
8%
Time Squad
8%
Whatever Happened To... Robot Jones?
8%
Hi Hi Puffy AmiYumi
7%
Mixels
7%
Squirrel Boy
7%
The Life And Times Of Juniper Lee
7%
The Problem Solverz
7%
Totally Spies!
7%
Victor And Valentino
7%
Class Of 3000
6%
Robotboy
6%
Secret Mountain Fort Awesome
6%
Unikitty!
6%
Mao Mao: Heroes Of Pure Heart
5%
Robotomy
5%
Code Lyoko
4%
Duck Dodgers
4%
The Fungies!
4%
Elliott From Earth
3%
Hero: 108
3%
Tig n' Seek
3%
Xiaolin Showdown
3%
Atomic Betty
2%
Bunnicula
2%
Chop Socky Chooks
2%
Jessica's Big Little World
2%
Jonny Quest
2%
Sonic Boom
2%
Sunday Pants
2%
The Cramp Twins
2%
Iyanu: Child Of Wonder
1%
Long Live The Royals
1%
The Garfield Show
1%
The Heroic Quest Of The Valiant Prince Ivandoe
1%
The Popeye Show
1%
Adventure Time: Side Quests
0%
Casper's Scare School
0%
Foster's Funtime for Imaginary Friends
0%
Power Players
0%
No matching quizzes found
Score Distribution
Percent of People with Each Score
Percentile by Number Answered
Your Score History
You have not taken this quiz